• 首页
  • 本馆介绍
  • 公告通知
  • 最新文献
  • 馆藏检索
  • 电子资源
  • 读者导购
  • 参考咨询
  • 我的图书馆
  • 登录
  • 详细信息显示
  • 放入我的书架
  • 预约/预借图书
  • 作者相关作品
  • 分类相关作品
  • 丛书相关作品
  • 出版社相关作品

书目信息

  • 表格格式
  • 工作单格式
  • 卡片格式
题名:
建筑结构CAD
    
 
作者: 赵菲 , 肖天崟 主编
分册:  
出版信息: 北京   化学工业出版社  2020.4
页数: 380页
开本: 26cm
丛书名:
单 册:
中图分类: TU311.41
科图分类:
主题词: 建筑结构--计算机辅助设计--应用软件--高等学校--教材
电子资源:
ISBN: 978-7-122-32536-5
000 01228nam0 2200313 45
001 012001002233
005 20211013162613.14
010    @a978-7-122-32536-5@dCNY59.00
100    @a20180914d2018 em y0chiy50 ea
101 0  @achi
102    @aCN@b110000
105    @aa z 000yy
106    @ar
200 1  @a建筑结构CAD@Ajian zhu jie gou CAD@b专著@ePKPM应用与设计实例@f赵菲,肖天崟主编
205    @a2版
210    @a北京@c化学工业出版社@d2020.4
215    @a380页@c图@d26cm
300    @a高等学校土建类专业“十三五”规划教材
300    @a其他题名:PKPM应用与设计实例
307    @a实际页数为:381
330    @a本书以最新V4.1版本的PKPM结构设计软件为蓝本,紧密结合现行建筑结构规范,突出重点,辅以工程实例,详细介绍了结构建模、SATWE分析计算和JCCAD——基础设计三大核心模块以及混凝土结构施工图后处理模块的使用方法,并通过丰富的工程实例,阐述了概念设计思想在结构计算机辅助设计中的应用。
517 1  @aPKPM应用与设计实例@APKPM ying yong yu she ji shi li
606 0  @a建筑结构@x计算机辅助设计@x应用软件@x高等学校@j教材
610 0  @aPKPM
690    @aTU311.41@v5
701  0 @a赵菲@Azhao fei@4主编
701  0 @a肖天崟@Axiao tian yin@4主编
801  0 @aCN@bBJSDL@c20211011
905    @b1338942-5@dTU311.41@e2012=2@f4
    
    建筑结构CAD:PKPM应用与设计实例/赵菲,肖天崟主编.-2版.-北京:化学工业出版社,2020.4
    380页:图;26cm
    高等学校土建类专业“十三五”规划教材.-其他题名:PKPM应用与设计实例
    
    ISBN 978-7-122-32536-5:CNY59.00
    本书以最新V4.1版本的PKPM结构设计软件为蓝本,紧密结合现行建筑结构规范,突出重点,辅以工程实例,详细介绍了结构建模、SATWE分析计算和JCCAD——基础设计三大核心模块以及混凝土结构施工图后处理模块的使用方法,并通过丰富的工程实例,阐述了概念设计思想在结构计算机辅助设计中的应用。
●
相关链接 在E读中查询图书 在五车中查询图书 在当当中查询图书 在豆瓣中查询图书


正题名:建筑结构CAD     索取号:TU311.41/2012=2         预约/预借

序号 登录号 条形码 馆藏地/架位号 状态 备注
1 1338942   213389420   第二样本阅览室/ [索取号:TU311.41/2012=2] 在馆    
2 1338943   213389439   第三借阅区/ [索取号:TU311.41/2012=2] 在馆    
3 1338944   213389448   第三借阅区/ [索取号:TU311.41/2012=2] 在馆    
4 1338945   213389457   第三借阅区/ [索取号:TU311.41/2012=2] 在馆    
唐山师范学院图书馆 欢迎您!
大连网信软件有限公司© 版权所有